00546naa a2200181 450000500170000001000130001702000260003003500130005603700290006908200080009810000210010624500670012725000130019426000460020727000650025330000260031850000200034420110623110444.0 aB-430917 a9780195698848c335.00 aB-430917 bOxford University Press 14a3011 aBeteille, Andre 1 aSociologybessays on approach and method / cby Andre Beteille a2nd ed.  aNew DelhibOxford University Press c2010 aYMCA Library Building, Jai Singh, bNew DelhicDelhie110001 ax, 323p. c24cm (pbk) aIncludes index